000 01496nam a2200349 i 4500
003 EG-GICUC
005 20260121101538.0
008 251225s2023 ua ||||fr|||| 000 0 ara d
017 _a2022/22370
020 _a978-977-04-9566-7
040 _a EG-GICUC
_bara
_c EG-GICUC
_d EG-GICUC
_erda
041 0 _aara
082 0 4 _221
_a345.456
_bأ م . ض
092 0 4 _221
099 _aLaw1 07 345.456 أ م . ض 1 ed - 2023
100 0 _aأمير خليفة إبراهيم رمضان
_eمؤلف.
245 1 0 _aضمانات الموظف العام أمام جهات التحقيق :
_bدراسة مقارنة بين الفقه الإسلامي والأنظمة القانونية المعاصرة /
_cالدكتور أمير خليفة إبراهيم رمضان.
250 _aالطبعة الاولى
264 1 _aالقاهرة :
_bدار النهضة العربية،
_c2023.
300 _a559 صفحة ؛
_c24 سم.
_bإيضاحيات، صور، مثيليات ؛
336 _2rda content
_atext
337 _2rda media
_aComputer
338 _2rda carrier
_aOnline Resource
504 _a. 547-503 ببليوجرافيا: صفحات.
546 _aالنص باللغة العربية
650 1 4 _aاجراءات وضمانات تأديب العاملين المدنين بالدولة
_2qrmak
650 1 4 _aالقانون الإداري
_2qrmak
651 1 _2qrmak
856 4 0 _uhttps://fll.law.cu.edu.eg/fulltext/bks/B07-01802.pdf
905 _a79
942 _2ddc
_cBK
_e21
_n0
999 _c52531
_d52531